00391nam a2200097Ia 4500008004100000100002200041245009900063260004300162650002700205856006100232160909s9999 xx 000 0 und d aFodness, Kevin R. aDisability and Cyberspace: The Politics of Inclusion & Exclusion in Web Development Groups bRensselaer Polytechnic Institutec2016 aInformation Technology uhttp://pqdtopen.proquest.com/doc/1796067120.html?FMT=ABS